Sports Quiz

Random Sports or Football Quiz

NFL top tacklers 2009/10 season Quiz Stats

 Plays Quiz not verified by Sporcle

Also try: #1 Ranked Golfers
Challenge
Share
Tweet
Embed
Score 0/50 Timer 10:00
0 Plays Today
Solo Tackles Player % Correct
114Patrick Willis
98.6%
95Ray Lewis
72.9%
71Michael Lewis
71.4%
111Jon Beason
65.7%
100D.J. Williams
57.1%
95Demorrio Williams
57.1%
95London Fletcher
54.3%
109Kirk Morrison
44.3%
93Lance Briggs
42.9%
82David Harris
42.9%
86Brian Cushing
41.4%
75Keith Brooking
41.4%
93DeMeco Ryans
40%
84Daryl Smith
37.1%
80Gary Brackett
37.1%
107Barrett Ruud
31.4%
87Jonathan Vilma
31.4%
89Karlos Dansby
30%
78LaRon Landry
30%
76Dhani Jones
28.6%
105Curtis Lofton
27.1%
81Keith Bulluck
27.1%
95Brian Dawkins
25.7%
82Nick Barnett
24.3%
80Chad Greenway
24.3%
Solo Tackles Player % Correct
73Gibril Wilson
22.9%
80Bradie James
18.6%
107James Laurinaitis
17.1%
82Mike Peterson
17.1%
72Thomas Howard
15.7%
94Stephen Tulloch
12.9%
70Antoine Bethea
12.9%
88Paul Posluszny
11.4%
84Roman Harper
11.4%
98Tyvon Branch
10%
79Mike Brown
10%
92Yeremiah Bell
8.6%
81Bernard Pollard
8.6%
94David Hawthorne
7.1%
84Clint Session
7.1%
76Dashon Goldson
7.1%
72Danieal Manning
7.1%
82Erik Coleman
5.7%
75Jordan Babineaux
5.7%
75Richard Marshall
5.7%
71Stephen Cooper
5.7%
81Justin Durant
4.3%
80Geno Hayes
4.3%
75Reed Doughty
4.3%
74Abram Elam
4.3%

You're not logged in!

Compare scores with friends on all Sporcle quizzes.
Join for Free
OR
Log In

You Might Also Like...

Show Comments

Extras

Top Quizzes Today


Score Distribution

Your Account Isn't Verified!

In order to create a playlist on Sporcle, you need to verify the email address you used during registration. Go to your Sporcle Settings to finish the process.

Report this User

Report this user for behavior that violates our Community Guidelines.

Details: